<?xml version="1.0" encoding="UTF-8"?>
<record
    xmlns:xsi="http://www.w3.org/2001/XMLSchema-instance"
    xsi:schemaLocation="http://www.loc.gov/MARC21/slim http://www.loc.gov/standards/marcxml/schema/MARC21slim.xsd"
    xmlns="http://www.loc.gov/MARC21/slim">

  <leader>00745nam a22001697a 4500</leader>
  <controlfield tag="005">20150320125215.0</controlfield>
  <controlfield tag="008">150320b        mx||||| |||| 00| 0 spa d</controlfield>
  <datafield tag="050" ind1="0" ind2="4">
    <subfield code="a">KGF2700</subfield>
    <subfield code="b">A43 1999</subfield>
  </datafield>
  <datafield tag="100" ind1="1" ind2=" ">
    <subfield code="a">Aldasoro Velasco, H&#xE9;ctor F.</subfield>
  </datafield>
  <datafield tag="245" ind1="1" ind2="3">
    <subfield code="a">La primera sentencia de amparo dictada a nivel federal el 13 de agosto de 1849 en el Estado de San Luis Potos&#xED; /</subfield>
    <subfield code="c">H&#xE9;ctor F. Aldasoro Velasco, Universidad Aut&#xF3;noma de San Luis Potos&#xED;.</subfield>
  </datafield>
  <datafield tag="250" ind1=" " ind2=" ">
    <subfield code="a">1a ed.</subfield>
  </datafield>
  <datafield tag="260" ind1=" " ind2=" ">
    <subfield code="a">San Luis Potos&#xED;, S:L.P., M&#xE9;xico :</subfield>
    <subfield code="b">Universitaria Potosina,</subfield>
    <subfield code="c">1999</subfield>
  </datafield>
  <datafield tag="300" ind1=" " ind2=" ">
    <subfield code="a">23 p. ;</subfield>
    <subfield code="c">22 cm.</subfield>
  </datafield>
  <datafield tag="651" ind1=" " ind2="7">
    <subfield code="2">Lemb</subfield>
    <subfield code="z">San Luis Potos&#xED;, San Luis Potos&#xED;, (M&#xE9;xico)</subfield>
    <subfield code="a">Recurso de amparo</subfield>
    <subfield code="x">Historia</subfield>
  </datafield>
  <datafield tag="710" ind1="1" ind2=" ">
    <subfield code="a">M&#xE9;xico. Universidad Aut&#xF3;noma de San Luis Potos&#xED;</subfield>
  </datafield>
  <datafield tag="942" ind1=" " ind2=" ">
    <subfield code="2">lcc</subfield>
    <subfield code="c">LIB</subfield>
  </datafield>
  <datafield tag="999" ind1=" " ind2=" ">
    <subfield code="c">90147</subfield>
    <subfield code="d">90147</subfield>
  </datafield>
  <datafield tag="952" ind1=" " ind2=" ">
    <subfield code="1">0</subfield>
    <subfield code="2">lcc</subfield>
    <subfield code="4">0</subfield>
    <subfield code="7">0</subfield>
    <subfield code="a">LIC-002</subfield>
    <subfield code="b">LIC-002</subfield>
    <subfield code="c">GENERAL</subfield>
    <subfield code="d">2015-03-20</subfield>
    <subfield code="f">1a ed.</subfield>
    <subfield code="h">BFD000006331</subfield>
    <subfield code="i">D</subfield>
    <subfield code="k">CSA</subfield>
    <subfield code="o">KGF2700 A43 1999</subfield>
    <subfield code="p">BFD000006331</subfield>
    <subfield code="r">2015-03-20 00:00:00</subfield>
    <subfield code="t">1</subfield>
    <subfield code="y">LIB</subfield>
  </datafield>
</record>
